000 00419 a2200145 4500
005 20250516084512.0
020 _a0-538-10170-9
082 _a658.403 KOO
100 _aKOORY, J. L.
245 _aManagement Information Systems: Planning and Decision Making
260 _aCincinnati,
_bSouth- western,
_c1987.
300 _axvii, 348p.: ill.; figure, table.
_bindex.
_c23cm.
700 _aMEDLEY, D. B.
942 _2ddc
_cBKS
999 _c1691
_d1691